Trénink atletických disciplín
Enregistré dans:
| Auteur principal: | |
|---|---|
| Format: | Livre |
| Langue: | tchèque |
| Publié: |
Praha
Státní pedagogické nakladatelství
1983
|
| Édition: | 3. změn. vyd. |
| Collection: | Učebnice pro vysoké školy
|
| Tags: |
Pas de tags, Soyez le premier à ajouter un tag!
|
MARC
| LEADER | 00000nam a2200000 4500 | ||
|---|---|---|---|
| 001 | c131131 | ||
| 005 | 20041019155251.5 | ||
| 041 | 0 | |a cze | |
| 044 | |a CZ | ||
| 245 | 1 | 0 | |a Trénink atletických disciplín |c Jindřich Vacula a kol. |
| 250 | |a 3. změn. vyd. | ||
| 264 | 1 | |a Praha |b Státní pedagogické nakladatelství |c 1983 | |
| 300 | |a 404 s. | ||
| 490 | 1 | |a Učebnice pro vysoké školy | |
| 830 | 0 | |a Učebnice pro vysoké školy | |
| 100 | 1 | |a Vacula, Jindřich | |